| 000 | 00711nam a2200169Ia 4500 | ||
|---|---|---|---|
| 005 | 20250718142142.0 | ||
| 008 | 250718s9999 xx 000 0 und d | ||
| 020 | _a9780747585534 | ||
| 082 |
_a940.415092 _bBAR |
||
| 100 | _aBarr, James | ||
| 245 | 0 | _aSetting the Desert on Fire | |
| 260 |
_bBloomsbury Paperbacks _c2007 |
||
| 300 | _a362 pages | ||
| 500 | _aGreed and intrigue combine explosively in this gripping, masterly account of a key moment in the history of the Middle East, and a portrait of T.E. Lawrence--Lawrence of Arabia himself--that is bright, nuanced, and full of fresh insights into the true nature of the master mythmaker. Photos. Maps. | ||
| 650 | _aArab countries | ||
| 942 | _cENGLISH | ||
| 999 |
_c576236 _d576236 |
||